000 00572nam a2200217Ia 4500
005 20241129120257.0
008 241129s9999||||xx |||||||||||||| ||und||
020 _a9781478019398
037 _aTB
040 _aSDCL
_beng
_cSDCL
041 _aeng
_2eng
084 _aG:55 R3
_qSDCL
100 _aKhan Naveeda
245 0 _aRiver life and the upspring of nature
260 _aDurham
_bDuke University Press Londan
_c2023
300 _axvii,233p.
365 _aUSD
_b26.95
650 _aReference
942 _cTB
_hG:55 R3
999 _c1234127
_d1234127